THE BABYSITTERS CLUB (Record no. 470)
[ view plain ]
| 000 -LEADER | |
|---|---|
| fixed length control field | 00523nam a22001457a 4500 |
| 020 ## - INTERNATIONAL STANDARD BOOK NUMBER | |
| ISBN | 0-590-44962-1 |
| 082 ## - DEWEY DECIMAL CLASSIFICATION NUMBER | |
| Classification number | 823 |
| Item number | MAR/S |
| 100 ## - MAIN ENTRY--AUTHOR NAME | |
| Personal name | ANN.M.MARTIN |
| 245 ## - TITLE STATEMENT | |
| Title | THE BABYSITTERS CLUB |
| Remainder of title | SUPER SPECIAL # 8 |
| 260 ## - PUBLICATION, DISTRIBUTION, ETC. (IMPRINT) | |
| Place of publication | NEW YORK |
| Name of publisher | SCHOLASTIC INC |
| Year of publication | 1992 |
| 300 ## - PHYSICAL DESCRIPTION | |
| Number of Pages | 236 |
| 520 ## - SUMMARY, ETC. | |
| Summary, etc | KRISTY'S RICH STEP FATHER HAS INVITED ALL THE BABYSITTERS TO HIS FAMILY'S CABIN ON BEAUTIFUL SHADOW LAKE. THE BABY SITTERS DONT KNOW WHERE TO BEGIN. THEY JUST HOPE THE FUN NEVER ENDS! |
| 650 ## - SUBJECT ADDED ENTRY--TOPICAL TERM | |
| Topical Term | BABY SITTERS AT SHADOW LAKE |
| 942 ## - ADDED ENTRY ELEMENTS (KOHA) | |
| Koha item type | Books |
| Withdrawn status | Lost status | Collection code | Home library | Current library | Shelving location | Date acquired | Source of acquisition | Full call number | Accession Number | Koha item type |
|---|---|---|---|---|---|---|---|---|---|---|
| Fiction | Main Library | Main Library | On Display | 21/05/2004 | purchase | 823 MAR/S | 00198 | Books |